| 000 | 00436nam a2200157Ia 4500 | ||
|---|---|---|---|
| 008 | 240729s9999 xx 000 0 und d | ||
| 022 | _a2406-8195 | ||
| 245 | 0 | _aIndonesian Journal of Forestry Research | |
| 260 | _aIndonesia | ||
| 260 | _bMinistry of Environment and Forestry | ||
| 650 | _a Forestry | ||
| 650 | _aAgriculture | ||
| 856 | _uhttps://doaj.org/toc/4c1b8f3ed87a49c9ac227f1075c47a44 | ||
| 942 | _2ddc | ||
| 942 | _cDOAJEJ | ||
| 999 |
_c72178 _d72178 |
||
| 945 |
_a1 _bMadushi Gamage _c1 _dMadushi Gamage |
||